00224nam a2200085Ia 4500008004100000100001900041245002900060260004100089300000800130210107s9999 xx 000 0 und d aKelly, John M. 0aTotal quality management aRamseybAlexander Hamilton Institute a292